Statistics for Football Teams by Motto

Click here to take the quiz!

General Stats

  • This quiz has been taken 16 times
  • The average score is 5 of 12

Answer Stats

MottoTeam% Correct
Nil satis nisi optimumEverton
100%
Mes que un clubBarcelona
91%
Hala Madrid y nada masReal Madrid
91%
Arte et LaboreBlackburn Rovers
36%
Geen woorden maar dadenFeyenoord
36%
Droit au butMarseille
36%
Audere est FacereTottenham Hotspur
36%
E Pluribus UnumBenfica
27%
Superlia in PraeliaManchester City
27%
Natus ad magna gerendaAdelaide FC
0%
ConfidemusKilmarnock
0%
Pro Rege et LegeLeeds United
0%

Score Distribution

Percentile by Number Answered

Percent of People with Each Score

Your Score History

You have not taken this quiz